000 00760nam a2200205 a 4500
001 000026333
005 20240410073846.0
008 110314t1975 dr ac 001 0bspa d
040 _aDO-SdBNP
_bspa
_cBNPHU
082 _a923.27293
_bD812tr
100 1 _aTroncoso Sánchez, Pedro,
_d1904-1989
_923599
245 1 0 _aPerfil de Duarte /
_cPedro Troncoso Sánchez.
260 _aSanto Domingo :
_bEditora de la Salle,
_c1975.
_fAmigo del Hogar
300 _a522 p. :
_bil., retrs. ;
_c22 cm.
600 1 0 _aDuarte, Juan Pablo,
_d1813-1876
_91494
651 0 _aRepública Dominicana --
_xHistoria --
_y1844-1930
_91009
651 4 _aRepública Dominicana
_xHistoria
_yOCUPACIÓN HAITIANA, 1822-1844
_97666
910 _aValidado. Control de calidad EMS
049 _aBNPD
999 _c25825
_d25825